LIBRARY & INFORMATION CENTRE, KCAET, TAVANUR

ONLINE PUBLIC ACCESS CATALOGUE (OPAC)

Chemical kinetics / (Record no. 10765)

MARC details
000 -LEADER
fixed length control field 00499cam a2200193ua 4500
020 ## - INTERNATIONAL STANDARD BOOK NUMBER
ISBN 0-07-099422-6
041 ## - LANGUAGE CODE
Language code of text/sound track or separate title eng
082 ## - DEWEY DECIMAL CLASSIFICATION NUMBER
Classification number 541.394
Item number LAI/CH
100 ## - MAIN ENTRY--AUTHOR NAME
Personal name Laidler, Ketih J .
245 ## - TITLE STATEMENT
Title Chemical kinetics /
250 ## - EDITION STATEMENT
Edition statement 2 /
260 ## - PUBLICATION, DISTRIBUTION, ETC. (IMPRINT)
Place of publication New Delhi :
Name of publisher Tata Mc-Graw Hill Publishing Company ,
Year of publication 1990.
300 ## - PHYSICAL DESCRIPTION
Number of Pages 566 ; .
942 ## - ADDED ENTRY ELEMENTS (KOHA)
Koha item type Books
Holdings
Withdrawn status Lost status Damaged status Home library Current library Date acquired Full call number Accession Number Koha item type
      KAUAET KAUAET 07/04/2012 541.394 LAI/CH 16865 Books
      KAUAET KAUAET 22/08/1986 541.394 LAI/CH 15486 Books
free website counter